Statistieken voor Tel in Romeinse cijfers - Sprint van 30 seconden

Klik hier om de quiz te nemen!

Algemene statistieken

  • Deze quiz is 217 keer genomen
  • De gemiddelde score is 18 van 50

Antwoordstatistieken

#% Correct
I
97%
II
97%
III
97%
V
97%
IV
95%
VI
95%
VII
95%
VIII
92%
X
89%
IX
87%
XI
87%
XII
84%
XIII
84%
XIV
66%
XV
66%
XVI
66%
XVII
63%
XVIII
55%
XIX
34%
XX
29%
XXI
18%
XXII
16%
XXIII
16%
XXIV
13%
XXV
13%
XXVI
13%
XXVII
13%
XXVIII
13%
XXIX
8%
XXX
8%
XXXI
8%
XXXII
8%
XXXIII
8%
XXXIV
8%
XXXV
8%
XXXVI
8%
XL
5%
XXXIX
5%
XXXVII
5%
XXXVIII
5%
XLI
3%
XLII
3%
XLIII
3%
XLIV
3%
L
0%
XLIX
0%
XLV
0%
XLVI
0%
XLVII
0%
XLVIII
0%

Scoreverdeling

Percentiel versus Aantal Correcte Antwoorden

Procent van Mensen met Elke Score

Uw Scoregeschiedenis

U heeft deze quiz nog niet genomen